00868nam a2200253 u 450000100100000000500170001000800410002702000160006804300120008410000440009624500900014026000380023030000110026849000360027950000430031550000360035865000300039465000320042465000290045665000270048565000280051265000280054070000460056800005584620200120223153.0130418s2003 ck er 000 p spa d a849764459X. ae-fr---1 aBaudelaire, Charles Pierre,d1821-1867.14aLas flores del mal /cCharles Baudelaire ; traducción Enrrique López Castellón. aBogotá :bEdimat Libros,c2003. a270 p.0 aClásicos de la literaturav50 aTítulo original : Les fleurs du mal. aTexto en francés y español.14aPoesía adulto francesa.24aLiteratura adulto francesa.24aMuerte en la literatura.24aAmor en la literatura.14aVejez en la literatura.24aVinos en la literatura.1 aLópez Castellón, Enrique,etraductor.